Statistics for All Parish (County) Seats in Louisiana

Click here to take the quiz!

General Stats

  • This quiz has been taken 63 times
  • The average score is 32 of 64

Answer Stats

ParishParish Seat% Correct
OrleansNew Orleans
92%
CaddoShreveport
88%
East Baton RougeBaton Rouge
85%
RapidesAlexandria
73%
LafayetteLafayette
73%
NatchitochesNatchitoches
73%
TerrebonneHouma
69%
CalcasieuLake Charles
69%
OuachitaMonroe
69%
LivingstonLivingston
65%
IberiaNew Iberia
65%
IbervillePlaquemine
65%
CameronCameron
62%
St MaryFranklin
62%
LincolnRuston
62%
WinnWinnfield
62%
BossierBenton
58%
St TammanyCovington
58%
St BernardChalmette
54%
AcadiaCrowley
54%
BeauregardDeRidder
54%
WashingtonFranklinton
54%
LafourcheThibodaux
54%
MorehouseBastrop
50%
AscensionDonaldsonville
50%
AvoyellesMarksville
50%
West FelicianaSt Francisville
50%
MadisonTallulah
50%
GrantColfax
46%
JeffersonGretna
46%
East CarrollLake Providence
46%
Pointe CoupeeNew Roads
46%
St LandryOpelousas
46%
Red RiverCoushatta
42%
SabineMany
42%
WebsterMinden
42%
West CarrollOak Grove
42%
AllenOberlin
42%
West Baton RougePort Allen
42%
RichlandRayville
42%
St MartinSt Martinville
42%
EvangelineVille Platte
42%
East FelicianaClinton
38%
UnionFarmerville
38%
St HelenaGreensburg
38%
ClaiborneHomer
38%
LaSalleJena
38%
Jefferson DavisJennings
38%
JacksonJonesboro
38%
DeSotoMansfield
38%
PlaqueminesPointe à la Hache
38%
VermilionAbbeville
35%
CaldwellColumbia
35%
St JamesConvent
35%
St John the BaptistEdgard
35%
CatahoulaHarrisonburg
35%
TensasSt Joseph
35%
ConcordiaVidalia
35%
FranklinWinnsboro
35%
BienvilleArcadia
31%
St CharlesHahnville
31%
VernonLeesville
31%
TangipahoaAmite City
27%
AssumptionNapoleanville
27%

Score Distribution

Percentile by Number Answered

Percent of People with Each Score

Your Score History

You have not taken this quiz